| 000 | 01545cam a22002174a 4500 | ||
|---|---|---|---|
| 005 | 20250605164006.0 | ||
| 008 | 250528s ||||||||||||||||||||||||d | ||
| 035 | _a15813 | ||
| 020 | _a9600341923 | ||
| 040 |
_aGR-AtMCL _bgre _dGR-AtMCL _eAACR2 |
||
| 245 | 1 | _aΔρόμοι Εξέλιξης στο "Επιχειρείν" / Προβληματισμοί Καινοτομίας - Αλλαγής - Επιχειρηματικότητας - Μετασχηματισμών | |
| 250 | _a1η | ||
| 260 |
_bΚαστανιώτη, _c2006 |
||
| 300 | _a248 | ||
| 520 | _aΤο συγκεκριμένο βιβλίο προσεγγίζει πτυχές καινοτομίας, αλλαγής, επιχειρηματικότητας και μετασχηματισμών, που υπονοούν δρόμους εξέλιξης στο ''επιχειρείν'', και θέτει προβληματισμούς που τις συνδυάζουν. Πρόλογος, Λεξιλόγιο Εννοιών Μάνατζμεντ και Στρατηγικού Μάνατζμεντ και Μάρκετινγκ, Καινοτομία στην Επιχείρηση, Αλλαγή στην Επιχείρηση, Θέματα Επιχειρηματικότητας, Μετασχηματισμοί στο ''Επιχειρείν'', Απόδοση Αγγλικών Όρων στα Ελληνικά, Ευρετήριο. | ||
| 700 | 1 |
_aΛιούκας Σπύρος _91814 |
|
| 700 | 1 |
_aΣαλαβού Ελένη Ε _91815 |
|
| 942 | _cBK | ||
| 999 |
_c1364 _d1364 |
||